| 000 | 00540nam a22001697a 4500 | ||
|---|---|---|---|
| 003 | SGT | ||
| 020 | _a9788185015668 | ||
| 082 | _a515,APO | ||
| 100 | _aAPOSTOL, TOM M. | ||
| 245 | _aMATHEMATICAL ANALYSIS | ||
| 250 | _a2ND | ||
| 260 |
_aNEW DELHI _bNAROSA PUBLISHING HOUSE _c2002 |
||
| 300 | _a500 | ||
| 650 | _aMATHEMATICAL ANALYSIS | ||
| 653 | _aTHE REAL AND COMPLEX NUMBER, SOME BASIC OF SET THEORY ELEMENTS OF POINT SET TOPOLOGY , LIMITS AND CONTINUITY, DERIVATIVES FUNCTIONS BOUNDED VARIATION RECTIFIABLE | ||
| 942 |
_2ddc _cFPS _01 |
||
| 999 |
_c9249 _d9249 |
||